The Long-Run Effects of Tradeon Income and Income Growth /

This paper examines the dynamic relationship between trade and income. While most economists agree that increased trade leads to an increase in average income, economic theory is ambiguous about the possible effects on the long-run growth rate of the economy. Using a dynamic panel data model, the hy...

সম্পূর্ণ বিবরণ

গ্রন্থ-পঞ্জীর বিবরন
প্রধান লেখক: Brunner, Allan
বিন্যাস: পত্রিকা
ভাষা:English
প্রকাশিত: Washington, D.C. : International Monetary Fund, 2003.
মালা:IMF Working Papers; Working Paper ; No. 2003/037
অনলাইন ব্যবহার করুন:Full text available on IMF
LEADER 01792cas a2200241 a 4500
001 AALejournalIMF008369
008 230101c9999 xx r poo 0 0eng d
020 |c 5.00 USD 
020 |z 9781451845594 
022 |a 1018-5941 
040 |a BD-DhAAL  |c BD-DhAAL 
100 1 |a Brunner, Allan. 
245 1 4 |a The Long-Run Effects of Tradeon Income and Income Growth /  |c Allan Brunner. 
264 1 |a Washington, D.C. :  |b International Monetary Fund,  |c 2003. 
300 |a 1 online resource (39 pages) 
490 1 |a IMF Working Papers 
500 |a <strong>Off-Campus Access:</strong> No User ID or Password Required 
500 |a <strong>On-Campus Access:</strong> No User ID or Password Required 
506 |a Electronic access restricted to authorized BRAC University faculty, staff and students 
520 3 |a This paper examines the dynamic relationship between trade and income. While most economists agree that increased trade leads to an increase in average income, economic theory is ambiguous about the possible effects on the long-run growth rate of the economy. Using a dynamic panel data model, the hypotheses of no long-run effects of trade on income and on income growth are tested explicitly. The possibility of endogeneity is addressed by constructing an instrument for trade by extending Frankel and Romer's (1999) cross-sectional approach to the case of a panel data model. The empirical results indicate that trade has a large and significant effect on the level of income, but the effect on income growth is small and non-robust to model specification. 
538 |a Mode of access: Internet 
830 0 |a IMF Working Papers; Working Paper ;  |v No. 2003/037 
856 4 0 |z Full text available on IMF  |u http://elibrary.imf.org/view/journals/001/2003/037/001.2003.issue-037-en.xml  |z IMF e-Library